| 000 | 00986nam a2200289 i 4500 | ||
|---|---|---|---|
| 003 | DO-SdBNP | ||
| 005 | 20251119083141.0 | ||
| 007 | ta | ||
| 008 | 240725b2013 dr a|||| |||| 00| 0 spa d | ||
| 020 | _a9789945489682 | ||
| 040 |
_aDO-SdBNP _bspa _cBNPHU _erda |
||
| 041 | _aspa | ||
| 082 | 4 |
_axxx _bT266u _222 |
|
| 100 | 1 |
_aTejada Álvarez, Dulce de, _eautor _4aut. _965322 |
|
| 245 | 1 | 4 |
_aUna patria, un amor / _cDulce Tejada de Álvarez ; edición, Kathryn Klasseu |
| 264 | 1 |
_aSanto Domingo : _bEditorial Santuario, _c2013. |
|
| 300 |
_a140 páginas : _bilustraciones ; _c23 cm. |
||
| 336 |
_atexto _btxt _2rdacontent |
||
| 337 |
_asin mediación _bn _2rdamedia |
||
| 338 |
_avolumen _bnc _2rdacarrier |
||
| 500 | _aIncluye datos biográficos del autor en la solapa de la cubierta | ||
| 590 | _aInventariado 2024 / BT | ||
| 650 | 4 |
_aCiencias sociales _xEnseñanza _934584 _vLibro de texto |
|
| 700 | 1 |
_aKlasseu, Kathryn, _eeditor _4ed. _986166 |
|
| 910 | _aBtavárez | ||
| 942 |
_2ddc _cLBS1 |
||
| 999 |
_c57357 _d57357 |
||